|
|
|
|
| LEADER |
00000nab a2200000 a 4500 |
| 001 |
vtls001495072 |
| 003 |
SK-MaSNL |
| 005 |
20260304140552.0 |
| 008 |
250505c2003 xo g 0 slo |
| 015 |
|
|
|a SNBCL2005/2
|
| 035 |
|
|
|a (sysno)vtls001495072
|
| 035 |
|
|
|a urn:nbn:sk:snk-ab71f4
|
| 035 |
|
|
|a (uuid)295e42f7-b13f-4791-bcf6-036221d1dc42
|
| 035 |
|
|
|a (urnnbn)urn:nbn:sk:snk:ar-a06klc
|
| 040 |
|
|
|a SNKBUCL
|b slo
|c SNKBUCL
|e AACR2
|
| 041 |
0 |
|
|a slo
|
| 044 |
|
|
|a xo
|c SK
|
| 080 |
|
|
|a 159.9-053.2:316.356
|2 1981
|
| 100 |
1 |
|
|a Zlámalová, V.
|4 aut
|9 1116374
|
| 245 |
1 |
0 |
|a Nevydarený syn?
|c V. Zlámalová
|
| 300 |
|
|
|b Obr.
|
| 650 |
0 |
7 |
|a vývoj dieťaťa
|2 MESH
|9 67528
|
| 650 |
0 |
7 |
|a vývin osobnosti
|2 MESH
|9 22843
|
| 650 |
0 |
7 |
|a správanie dieťaťa
|2 MESH
|9 770286
|
| 650 |
0 |
7 |
|a vzťahy otec-dieťa
|2 MESH
|9 1434295
|
| 650 |
0 |
7 |
|a rodinné vzťahy
|2 MESH
|9 3865
|
| 773 |
0 |
|
|t Revue medicíny v praxi
|g Roč. 1, č. 4 (2003), s. 36
|x 1336-202X
|
| 850 |
|
|
|a Slovenská národná knižnica
|
| 852 |
|
|
|a Slovenská národná knižnica
|
| 958 |
|
|
|a article27
|
| 958 |
|
|
|a EUIPO
|
| 958 |
|
|
|a OND
|
| 999 |
|
|
|c 2915821
|d 2917751
|